William Marshal : knight-errant, baron, and regent of England /

محفوظ في:

المؤلف الرئيسي: Painter, Sidney, 1902-1960 (مؤلف)

التنسيق: كتاب

اللغة: English

منشور في: Baltimore : The Johns Hopkins press, 1933.

سلاسل: The Johns Hopkins historical publications.

الموضوعات:

الوسوم: إضافة وسم

لا توجد وسوم, كن أول من يضع وسما على هذه التسجيلة!

رقم الطلب: DA209 .P4 P14 1933

LEADER 00941nam a22002771 4500
001 6279
003 OSt
005 20251210084806.0
008 130303s1933 mdu 000 0 eng d
010 |a 33008958 
035 |a ocm00404946 
040 |c ARCE Library 
043 |a e-nk--- 
050 4 |a DA209 .P4 P14 1933 
100 1 |a Painter, Sidney,  |d 1902-1960,  |e author  |9 37240 
245 1 0 |a William Marshal :  |b knight-errant, baron, and regent of England /  |c by Sidney Painter. 
264 1 |a Baltimore :   |b The Johns Hopkins press,   |c 1933. 
300 |a 305 pages ;   |c 24 cm. 
490 0 |a The Johns Hopkins historical publications. 
600 1 0 |a Pembroke, William Marshal,  |c Earl of,  |d 1144?-1219.  |9 37443 
650 0 |a Knights and knighthood  |z Great Britain  |v Biography. 
650 0 |a Regents  |z Great Britain  |v Biography.  |9 2890 
651 0 |a Great Britain  |x History  |y Angevin period, 1154-1216. 
901 |a reviewed 
942 |c BK  |2 lcc 
999 |c 4935  |d 4935